[Event "Orsha blitz op"]
[Site "Orsha"]
[Date "2018.02.03"]
[Round "5"]
[White "Aleksandrov, Aleksej"]
[Black "Harshkou, Mikita"]
[Result "0-1"]
[WhiteElo "2560"]
[BlackElo "2207"]
[PlyCount "78"]
[EventDate "2018.02.03"]
[EventType "swiss (blitz)"]
[EventRounds "9"]
[EventCountry "BLR"]
[SourceTitle "CBM 182 Extra"]
[Source "ChessBase"]
[SourceDate "2018.02.23"]
[SourceVersion "1"]
[SourceVersionDate "2018.02.23"]
[SourceQuality "1"]

1. d4 e6 2. c4 f5 3. Nf3 Nf6 4. g3 Be7 5. Bg2 0-0 6. 0-0 Ne4 7. e3 Bf6 8. b3 d5 9. Qc2 Nd7 10. Bb2 c6 11. Nfd2 Qe8 12. Nc3 b6 13. Ncxe4 fxe4 14. f3 exf3 15. Nxf3 Kh8 16. e4 Ba6 17. Rae1 dxc4 18. bxc4 e5 19. dxe5 Nxe5 20. Nxe5 Bxe5 21. Rxf8+ Qxf8 22. Bxe5 Qc5+ 23. Kh1 Qxe5 24. c5 bxc5 25. Rc1 Rd8 26. Kg1 c4 27. Bf3 h6 28. Kg2 c5 29. h4 Rd3 30. Qa4 Rd2+ 31. Kh3 Rd6 32. Rc2 Bc8+ 33. Kg2 Be6 34. Qxa7 c3 35. Qa8+ Kh7 36. Qa5 Rd3 37. h5 Bh3+ 38. Kf2 Qd4+ 39. Ke2 Qe3# 0-1

[Event "Orsha blitz op"]
[Site "Orsha"]
[Date "2018.02.03"]
[Round "6"]
[White "Harshkou, Mikita"]
[Black "Borsuk, Yuriy"]
[Result "1-0"]
[WhiteElo "2207"]
[BlackElo "2346"]
[PlyCount "91"]
[EventDate "2018.02.03"]
[EventType "swiss (blitz)"]
[EventRounds "9"]
[EventCountry "BLR"]
[SourceTitle "CBM 182 Extra"]
[Source "ChessBase"]
[SourceDate "2018.02.23"]
[SourceVersion "1"]
[SourceVersionDate "2018.02.23"]
[SourceQuality "1"]

1. d4 d5 2. c4 e6 3. Nc3 Be7 4. cxd5 exd5 5. Qc2 Nf6 6. Bg5 c6 7. e3 Nbd7 8. Bd3 Nf8 9. Nf3 Ng6 10. 0-0 0-0 11. a3 Re8 12. Ne5 Nxe5 13. dxe5 Ng4 14. Bf4 Bg5 15. Bxh7+ Kf8 16. Bf5 Bh6 17. Bxg4 Bxg4 18. Bxh6 gxh6 19. f4 Qb6 20. Rae1 Rad8 21. h3 Bc8 22. Kh2 d4 23. exd4 Rxd4 24. Qh7 c5 25. Ne4 Qg6 26. Qxg6 fxg6 27. Nd6 Rd8 28. Rd1 Rxd1 29. Rxd1 Be6 30. g4 b5 31. Rc1 c4 32. f5 gxf5 33. gxf5 Bd7 34. Kg3 Ke7 35. Rg1 Rg8+ 36. Kf2 Rxg1 37. Kxg1 a5 38. Kf2 b4 39. axb4 axb4 40. Ke3 c3 41. bxc3 bxc3 42. Kd3 Bxf5+ 43. Nxf5+ Ke6 44. Ke4 c2 45. Nd4+ Ke7 46. Nxc2 1-0

[Event "BLR-ch 84th"]
[Site "Minsk"]
[Date "2018.01.28"]
[Round "11"]
[White "Stupak, Kirill"]
[Black "Harshkou, Mikita"]
[Result "1/2-1/2"]
[WhiteElo "2565"]
[BlackElo "2359"]
[PlyCount "107"]
[EventDate "2018.01.18"]
[EventType "tourn"]
[EventRounds "11"]
[EventCountry "BLR"]
[EventCategory "10"]
[SourceTitle "CBM 182 Extra"]
[Source "ChessBase"]
[SourceDate "2018.02.23"]
[SourceVersion "1"]
[SourceVersionDate "2018.02.23"]
[SourceQuality "1"]

1. d4 e6 2. g3 f5 3. Bg2 Nf6 4. c4 Be7 5. Qb3 0-0 6. Nc3 Nc6 7. d5 Nb4 8. Nf3 a5 9. 0-0 Na6 10. Nd4 Nc5 11. Qc2 Ne8 12. e4 Nd6 13. dxe6 dxe6 14. exf5 e5 15. Ne6 Nxe6 16. fxe6 Bxe6 17. Rd1 Qc8 18. Nd5 Bd8 19. b3 Nf5 20. Ba3 Rf7 21. Qe4 c6 22. Ne3 Bf6 23. Nxf5 Bxf5 24. Qe3 e4 25. Rab1 Qe6 26. Bb2 Bxb2 27. Rxb2 a4 28. Re1 axb3 29. axb3 Re7 30. Rbe2 Rae8 31. Rd2 Qe5 32. h3 Bg6 33. Red1 h6 34. Rd7 Bf5 35. Rxe7 Rxe7 36. Re1 h5 37. Qg5 Bh7 38. Qd2 Bg6 39. Re3 Qa1+ 40. Kh2 Qe5 41. h4 Qc7 42. Qe1 Qe5 43. f3 b5 44. cxb5 cxb5 45. fxe4 Rc7 46. Qd2 Bf7 47. Rf3 g6 48. Rd3 Kg7 49. Qf4 Qxf4 50. gxf4 Rc2 51. Rd7 Kf8 52. Rb7 Be8 53. Rb8 Ke7 54. Rb7+ 1/2-1/2

[Event "BLR-ch 84th"]
[Site "Minsk"]
[Date "2018.01.25"]
[Round "8"]
[White "Harshkou, Mikita"]
[Black "Fedorov, Alexei"]
[Result "1-0"]
[WhiteElo "2359"]
[BlackElo "2572"]
[PlyCount "61"]
[EventDate "2018.01.18"]
[EventType "tourn"]
[EventRounds "11"]
[EventCountry "BLR"]
[EventCategory "10"]
[SourceTitle "CBM 182 Extra"]
[Source "ChessBase"]
[SourceDate "2018.02.23"]
[SourceVersion "1"]
[SourceVersionDate "2018.02.23"]
[SourceQuality "1"]

1. d4 Nf6 2. Bg5 Ne4 3. Bf4 c5 4. f3 Qa5+ 5. c3 Nf6 6. Nd2 cxd4 7. Nb3 Qd8 8. cxd4 d5 9. e3 Nc6 10. Bd3 e6 11. a3 Nh5 12. Bg3 Nxg3 13. hxg3 e5 14. dxe5 Nxe5 15. Bb5+ Ke7 16. Qd4 Qd6 17. f4 Ng4 18. Nf3 Qb6 19. Qxb6 axb6 20. Ke2 g6 21. Rac1 Bg7 22. Rc7+ Kd6 23. Rxf7 Bxb2 24. a4 h6 25. Nbd4 Rg8 26. Rd1 Kc5 27. e4 dxe4 28. Rc7+ Kb4 29. Nc2+ Ka5 30. Nd2 Be6 31. Rc4 1-0

[Event "BLR-ch 84th"]
[Site "Minsk"]
[Date "2018.01.21"]
[Round "4"]
[White "Zarubitski, Viachaslau"]
[Black "Harshkou, Mikita"]
[Result "1-0"]
[WhiteElo "2353"]
[BlackElo "2359"]
[PlyCount "79"]
[EventDate "2018.01.18"]
[EventType "tourn"]
[EventRounds "11"]
[EventCountry "BLR"]
[EventCategory "10"]
[SourceTitle "CBM 182 Extra"]
[Source "ChessBase"]
[SourceDate "2018.02.23"]
[SourceVersion "1"]
[SourceVersionDate "2018.02.23"]
[SourceQuality "1"]

1. d4 e6 2. e4 d5 3. Nc3 Nf6 4. Bg5 dxe4 5. Nxe4 Be7 6. Bxf6 gxf6 7. Nf3 f5 8. Nc3 c5 9. Bb5+ Nc6 10. d5 a6 11. Bxc6+ bxc6 12. dxe6 Qxd1+ 13. Rxd1 Bxe6 14. Ne5 Bf6 15. f4 Bxe5 16. fxe5 Rd8 17. Rxd8+ Kxd8 18. Kf2 Kc7 19. b3 Rb8 20. Ke3 Rg8 21. g3 Rg4 22. Rf1 Rg6 23. Rf4 Rh6 24. h4 Rg6 25. Kf2 Rg8 26. Rf3 c4 27. bxc4 Rg4 28. Rf4 Rxf4+ 29. gxf4 Bxc4 30. Ke3 c5 31. a3 Kc6 32. Kd2 Bb5 33. Ke3 Bf1 34. Kd2 Bb5 35. Kc1 Bf1 36. Nd1 Bc4 37. Ne3 Be6 38. c4 f6 39. exf6 Kd7 40. Kd2 1-0

[Event "BLR-ch 84th"]
[Site "Minsk"]
[Date "2018.01.19"]
[Round "2"]
[White "Zhigalko, Andrey"]
[Black "Harshkou, Mikita"]
[Result "1/2-1/2"]
[WhiteElo "2578"]
[BlackElo "2359"]
[PlyCount "114"]
[EventDate "2018.01.18"]
[EventType "tourn"]
[EventRounds "11"]
[EventCountry "BLR"]
[EventCategory "10"]
[SourceTitle "CBM 182 Extra"]
[Source "ChessBase"]
[SourceDate "2018.02.23"]
[SourceVersion "1"]
[SourceVersionDate "2018.02.23"]
[SourceQuality "1"]

1. d4 e6 2. Nf3 f5 3. g3 Nf6 4. Bg2 Be7 5. 0-0 0-0 6. c4 Ne4 7. Nc3 Bf6 8. Qc2 Nxc3 9. bxc3 Nc6 10. e4 fxe4 11. Qxe4 b6 12. Ba3 Re8 13. Rfe1 Bb7 14. Qd3 d6 15. h4 Kh8 16. Re2 e5 17. Rae1 Na5 18. Nd2 Bxg2 19. Kxg2 Qd7 20. Ne4 Qc6 21. c5 bxc5 22. d5 c4 23. Qd1 Qd7 24. h5 Be7 25. h6 gxh6 26. Rh1 Rf8 27. Rxh6 Qg4 28. Re1 Qxd1 29. Rxd1 Rab8 30. Bc1 Rf7 31. Be3 a6 32. Rhh1 Rb5 33. Rd2 Nb7 34. f4 Nd8 35. fxe5 dxe5 36. Rh5 Bd6 37. Bg5 Be7 38. d6 cxd6 39. Nxd6 Bxg5 40. Rxg5 Rd7 41. Rf2 Ne6 42. Nxb5 Nxg5 43. Na3 Ne4 44. Rf8+ Kg7 45. Ra8 Rd2+ 46. Kf3 Nxc3 47. Ra7+ Kg8 48. Ra8+ Kf7 49. Ra7+ Ke6 50. Rxa6+ Kd5 51. Rd6+ Kxd6 52. Nxc4+ Kd5 53. Nxd2 Nxa2 54. Ne4 Kd4 55. g4 h6 56. g5 hxg5 57. Nxg5 e4+ 1/2-1/2

[Event "BLR-ch 82nd"]
[Site "Minsk"]
[Date "2016.01.10"]
[Round "4"]
[White "Harshkou, Mikita"]
[Black "Stupak, Kirill"]
[Result "1/2-1/2"]
[WhiteElo "2303"]
[BlackElo "2529"]
[PlyCount "24"]
[EventDate "2016.01.07"]
[EventType "tourn"]
[EventRounds "13"]
[EventCountry "BLR"]
[EventCategory "8"]
[SourceTitle "CBM 170 Extra"]
[Source "ChessBase"]
[SourceDate "2016.02.25"]
[SourceVersion "1"]
[SourceVersionDate "2016.02.25"]
[SourceQuality "1"]

1. d4 g6 2. g3 Bg7 3. Bg2 c5 4. c3 d5 5. dxc5 Nf6 6. Bg5 Nbd7 7. Bxd5 Nxd5 8. Qxd5 Qc7 9. Na3 Nxc5 10. Be3 Ne6 11. Nb5 Qb8 12. Nf3 a6 1/2-1/2

[Event "BLR-ch 82nd"]
[Site "Minsk"]
[Date "2016.01.09"]
[Round "3"]
[White "Zhigalko, Sergei"]
[Black "Harshkou, Mikita"]
[Result "1-0"]
[WhiteElo "2655"]
[BlackElo "2303"]
[PlyCount "89"]
[EventDate "2016.01.07"]
[EventType "tourn"]
[EventRounds "13"]
[EventCountry "BLR"]
[EventCategory "8"]
[SourceTitle "CBM 170 Extra"]
[Source "ChessBase"]
[SourceDate "2016.02.25"]
[SourceVersion "1"]
[SourceVersionDate "2016.02.25"]
[SourceQuality "1"]

1. d4 e6 2. Nf3 f5 3. g3 Nf6 4. Bg2 Be7 5. 0-0 0-0 6. c4 Ne4 7. Nc3 Bf6 8. Qc2 Nxc3 9. bxc3 d6 10. e4 fxe4 11. Qxe4 Nc6 12. c5 dxc5 13. Ba3 Be7 14. Bxc5 Bxc5 15. dxc5 Qe7 16. Qe3 Rf5 17. Nd4 Rxc5 18. Nxc6 bxc6 19. Rfe1 e5 20. f4 Bf5 21. fxe5 Re8 22. e6 a5 23. Rad1 Rc4 24. Rd4 Qxe6 25. Rxc4 Qxe3+ 26. Rxe3 Rxe3 27. Rxc6 Be6 28. Kf2 Re5 29. c4 Bg4 30. h3 Bf5 31. Rxc7 h6 32. g4 Bd3 33. Bf3 Be4 34. Be2 a4 35. a3 Re8 36. c5 Rb8 37. Bc4+ Kh7 38. Ke3 Bg2 39. h4 Bh3 40. Kf4 Rf8+ 41. Kg3 Bf1 42. Rf7 Rxf7 43. Bxf7 Bb5 44. Kf4 Bd7 45. g5 1-0

[Event "Minsk op"]
[Site "Minsk"]
[Date "2015.07.22"]
[Round "8"]
[White "Tihonov, Jurij"]
[Black "Harshkou, Mikita"]
[Result "1/2-1/2"]
[WhiteElo "2398"]
[BlackElo "2261"]
[PlyCount "76"]
[EventDate "2015.07.15"]
[EventType "swiss"]
[EventRounds "9"]
[EventCountry "BLR"]
[SourceTitle "CBM 167 Extra"]
[Source "ChessBase"]
[SourceDate "2015.09.14"]
[SourceVersion "1"]
[SourceVersionDate "2015.09.14"]
[SourceQuality "1"]

1. d4 e6 2. Nf3 f5 3. g3 Nf6 4. Bg2 Be7 5. c4 d6 6. Nc3 0-0 7. 0-0 Ne4 8. Nxe4 fxe4 9. Nd2 d5 10. f3 e3 11. Nb1 dxc4 12. Bxe3 Nc6 13. Na3 c3 14. Nc2 cxb2 15. Rb1 Bf6 16. f4 Qd6 17. Bf2 Rd8 18. e3 a5 19. Rxb2 e5 20. fxe5 Nxe5 21. Ne1 c5 22. Qc1 Ng4 23. Nf3 Be6 24. Rxb7 cxd4 25. Nxd4 Bxa2 26. h3 Nxf2 27. Rxf2 Bd5 28. Nf5 Qe6 29. Bxd5 Rxd5 30. Qc2 Rd7 31. Nh6+ Kh8 32. Rxd7 Qxd7 33. Ng4 a4 34. Nxf6 gxf6 35. Qc3 Qd6 36. Kh2 Qe5 37. Qc6 Rg8 38. Qxf6+ Qxf6 1/2-1/2

[Event "BLR-ch 81st"]
[Site "Minsk"]
[Date "2015.01.22"]
[Round "11"]
[White "Harshkou, Mikita"]
[Black "Katashuk, V."]
[Result "1-0"]
[WhiteElo "2238"]
[BlackElo "2191"]
[PlyCount "53"]
[EventDate "2015.01.12"]
[EventType "tourn"]
[EventRounds "11"]
[EventCountry "BLR"]
[EventCategory "8"]
[SourceTitle "CBM 164 Extra"]
[Source "ChessBase"]
[SourceDate "2015.03.02"]
[SourceVersion "1"]
[SourceVersionDate "2015.03.02"]
[SourceQuality "1"]

1. d4 f5 2. Nf3 g6 3. c4 Bg7 4. e3 Nf6 5. b4 0-0 6. Qb3 d6 7. Bb2 Qe8 8. Nbd2 c6 9. Bd3 h6 10. 0-0 g5 11. Rae1 Qh5 12. d5 Na6 13. Bxf6 Bxf6 14. c5 Qf7 15. cxd6 cxd5 16. Nd4 e6 17. Rc1 Be5 18. b5 Nb8 19. Rc7 Qh5 20. Rfc1 Bxh2+ 21. Kf1 Bd7 22. Bxf5 Bxd6 23. Bxe6+ Bxe6 24. Nxe6 Bxc7 25. Rxc7 Nd7 26. Nxf8 Nf6 27. Nh7 1-0

[Event "BLR-ch 81st"]
[Site "Minsk"]
[Date "2015.01.12"]
[Round "1"]
[White "Zhigalko, Andrey"]
[Black "Harshkou, Mikita"]
[Result "1-0"]
[WhiteElo "2584"]
[BlackElo "2238"]
[PlyCount "63"]
[EventDate "2015.01.12"]
[EventType "tourn"]
[EventRounds "11"]
[EventCountry "BLR"]
[EventCategory "8"]
[SourceTitle "CBM 164 Extra"]
[Source "ChessBase"]
[SourceDate "2015.03.02"]
[SourceVersion "1"]
[SourceVersionDate "2015.03.02"]
[SourceQuality "1"]

1. d4 e6 2. Nf3 f5 3. g3 Nf6 4. Bg2 Be7 5. 0-0 0-0 6. c4 d6 7. Nc3 Ne4 8. Nxe4 fxe4 9. Nd2 d5 10. f3 e3 11. Nb1 dxc4 12. Bxe3 Bf6 13. Na3 Nc6 14. Nxc4 Nxd4 15. f4 Rb8 16. Rc1 c5 17. Bf2 b5 18. Nd2 Be7 19. Ne4 e5 20. e3 Ne6 21. fxe5 Qc7 22. Nd6 Rb6 23. Nxc8 Rxc8 24. Bd5 Qxe5 25. e4 b4 26. Bd4 Qg5 27. Qb3 Qg4 28. Rf5 Rcc6 29. Be5 Qe2 30. Bxc6 Rxc6 31. Qd5 Ra6 32. Rcf1 1-0

[Event "Minsk op"]
[Site "Minsk"]
[Date "2014.07.24"]
[Round "9"]
[White "Harshkou, Mikita"]
[Black "Novitzkij, Dmitrij"]
[Result "1-0"]
[WhiteElo "2239"]
[BlackElo "2345"]
[PlyCount "61"]
[EventDate "2014.07.16"]
[EventType "swiss"]
[EventRounds "9"]
[EventCountry "BLR"]
[SourceTitle "CBM 161 Extra"]
[Source "ChessBase"]
[SourceDate "2014.08.29"]
[SourceVersion "1"]
[SourceVersionDate "2014.08.29"]
[SourceQuality "1"]

1. d4 d5 2. c4 dxc4 3. Nc3 e5 4. e3 Nc6 5. d5 Na5 6. Nf3 Bd6 7. Qa4+ c6 8. dxc6 Nxc6 9. Bxc4 Nf6 10. 0-0 0-0 11. Rd1 Qe7 12. e4 Bg4 13. Bg5 Bxf3 14. gxf3 Nd4 15. Nd5 Qd8 16. Nxf6+ gxf6 17. Bh6 Re8 18. Kh1 Bf8 19. Be3 Qc7 20. Bxd4 exd4 21. Rxd4 Qf4 22. Rg1+ Kh8 23. Qd1 Bc5 24. Rg4 Qc7 25. Rd7 Rad8 26. Rxc7 Rxd1+ 27. Kg2 Bd4 28. Bxf7 Rd8 29. Be6 Rd2 30. Rd7 Rxf2+ 31. Kg3 1-0

[Event "Minsk op"]
[Site "Minsk"]
[Date "2013.07.21"]
[Round "9"]
[White "Harshkou, Mikita"]
[Black "Tunik, Gennady"]
[Result "1/2-1/2"]
[WhiteElo "2194"]
[BlackElo "2435"]
[PlyCount "31"]
[EventDate "2013.07.13"]
[EventType "swiss"]
[EventRounds "9"]
[EventCountry "BLR"]
[SourceTitle "CBM 155 Extra"]
[Source "ChessBase"]
[SourceDate "2013.08.26"]
[SourceVersion "1"]
[SourceVersionDate "2013.08.26"]
[SourceQuality "1"]

1. d4 Nf6 2. Bg5 d5 3. Bxf6 exf6 4. e3 Be6 5. Bd3 Nd7 6. Ne2 Bd6 7. Nd2 0-0 8. 0-0 f5 9. c4 c6 10. cxd5 cxd5 11. Qb3 Qb8 12. g3 Nf6 13. Rfc1 Re8 14. Nc3 a6 15. Na4 b5 16. Nc5 1/2-1/2

[Event "Minsk op"]
[Site "Minsk"]
[Date "2013.07.20"]
[Round "8"]
[White "Tihonov, Jurij"]
[Black "Harshkou, Mikita"]
[Result "0-1"]
[WhiteElo "2421"]
[BlackElo "2194"]
[PlyCount "94"]
[EventDate "2013.07.13"]
[EventType "swiss"]
[EventRounds "9"]
[EventCountry "BLR"]
[SourceTitle "CBM 155 Extra"]
[Source "ChessBase"]
[SourceDate "2013.08.26"]
[SourceVersion "1"]
[SourceVersionDate "2013.08.26"]
[SourceQuality "1"]

1. g3 e6 2. Bg2 f5 3. c4 Nf6 4. Nc3 d6 5. d3 Be7 6. Nf3 Nc6 7. Rb1 a5 8. a3 0-0 9. b4 e5 10. b5 Nb8 11. 0-0 Nbd7 12. Bb2 Qe8 13. e3 Qh5 14. d4 e4 15. Nd2 Qh6 16. Qe2 Nb6 17. f3 d5 18. cxd5 Nfxd5 19. Nxd5 Nxd5 20. Nc4 exf3 21. Bxf3 c6 22. Rbe1 Be6 23. e4 fxe4 24. Qxe4 Bh3 25. Rf2 Bg5 26. bxc6 bxc6 27. Qe5 Kh8 28. Bxd5 Rxf2 29. Kxf2 Rf8+ 30. Bf3 Bg4 31. Kg1 Bxf3 32. Qf5 Kg8 33. Qc2 Bd5 34. Bc1 Qf6 35. Ne5 Bxc1 36. Rxc1 c5 37. Qd2 Qf5 38. Qe3 Qh3 39. Qd2 cxd4 40. Nd3 Ba8 41. Qa2+ Kh8 42. Qe2 Qd7 43. h4 Qd6 44. Qe5 Qg6 45. Rc7 Rg8 46. Nc1 d3 47. Rd7 Qc6 0-1

[Event "Minsk op"]
[Site "Minsk"]
[Date "2013.07.14"]
[Round "2"]
[White "Zhigalko, Andrey"]
[Black "Harshkou, Mikita"]
[Result "1-0"]
[WhiteElo "2604"]
[BlackElo "2194"]
[PlyCount "75"]
[EventDate "2013.07.13"]
[EventType "swiss"]
[EventRounds "9"]
[EventCountry "BLR"]
[SourceTitle "CBM 155 Extra"]
[Source "ChessBase"]
[SourceDate "2013.08.26"]
[SourceVersion "1"]
[SourceVersionDate "2013.08.26"]
[SourceQuality "1"]

1. d4 e6 2. Nf3 f5 3. g3 Nf6 4. Bg2 Be7 5. 0-0 0-0 6. c4 d6 7. Nc3 Ne4 8. Nxe4 fxe4 9. Nd2 d5 10. f3 e3 11. Nb1 dxc4 12. Bxe3 Bf6 13. Na3 Nc6 14. f4 Bxd4 15. Bxd4 Qxd4+ 16. Qxd4 Nxd4 17. Rfd1 e5 18. Bd5+ Kh8 19. fxe5 Nxe2+ 20. Kg2 c3 21. Rf1 Bf5 22. Rae1 c6 23. Bc4 Be4+ 24. Kh3 Rxf1 25. Rxf1 Nd4 26. bxc3 Nf3 27. e6 b5 28. Bb3 Re8 29. Rd1 h6 30. Kg4 Ng5 31. Rd6 Bg2 32. Kf4 a5 33. h4 Nh7 34. e7 g5+ 35. Kf5 Kg7 36. Rg6+ Kh8 37. Rg8+ Rxg8 38. Bxg8 1-0

[Event "EU-Cup 28th"]
[Site "Eilat"]
[Date "2012.10.13"]
[Round "3.4"]
[White "Harshkou, Mikita"]
[Black "Duport, Nicolas"]
[Result "1-0"]
[WhiteElo "2233"]
[BlackElo "2199"]
[PlyCount "67"]
[EventDate "2012.10.11"]
[EventType "team-swiss"]
[EventRounds "7"]
[EventCountry "ISR"]
[SourceTitle "CBM 151"]
[Source "ChessBase"]
[SourceDate "2012.11.13"]
[SourceVersion "1"]
[SourceVersionDate "2012.11.13"]
[SourceQuality "1"]
[WhiteTeam "Minsk Ladia"]
[BlackTeam "Geneve"]
[WhiteTeamCountry "BLR"]
[BlackTeamCountry "SUI"]

1. d4 d5 2. c4 c6 3. cxd5 cxd5 4. Nc3 Nf6 5. Bf4 Nc6 6. e3 a6 7. Rc1 Bg4 8. f3 Bf5 9. g4 Bd7 10. Bd3 e6 11. a3 b5 12. b4 Qb6 13. Nge2 Rc8 14. Kf2 g6 15. h4 h5 16. Be5 Nxe5 17. dxe5 Ng8 18. gxh5 Rxh5 19. f4 Be7 20. Nd4 Bxh4+ 21. Kg2 Ne7 22. Qg4 Nf5 23. Bxf5 exf5 24. Qf3 Qd8 25. Nxd5 Rxc1 26. Rxc1 Kf8 27. Nc7 Be1 28. e6 Qh4 29. Kf1 fxe6 30. Rxe1 Ke7 31. Nc6+ Kd6 32. Rd1+ Kxc7 33. Rxd7+ Kxd7 34. Ne5+ 1-0

[Event "EU-Cup 28th"]
[Site "Eilat"]
[Date "2012.10.11"]
[Round "1.4"]
[White "Galburd, Yan"]
[Black "Harshkou, Mikita"]
[Result "0-1"]
[WhiteElo "2331"]
[BlackElo "2233"]
[PlyCount "114"]
[EventDate "2012.10.11"]
[EventType "team-swiss"]
[EventRounds "7"]
[EventCountry "ISR"]
[SourceTitle "CBM 151"]
[Source "ChessBase"]
[SourceDate "2012.11.13"]
[SourceVersion "1"]
[SourceVersionDate "2012.11.13"]
[SourceQuality "1"]
[WhiteTeam "Kfar Saba"]
[BlackTeam "Minsk Ladia"]
[WhiteTeamCountry "ISR"]
[BlackTeamCountry "BLR"]

1. c4 e6 2. Nf3 f5 3. g3 Nf6 4. Bg2 d6 5. 0-0 Be7 6. d3 0-0 7. Nc3 Nc6 8. d4 Ne4 9. d5 Nxc3 10. bxc3 Na5 11. Nd4 e5 12. Ne6 Bxe6 13. dxe6 c6 14. e4 f4 15. Qe2 Qe8 16. Ba3 c5 17. gxf4 exf4 18. e5 dxe5 19. Rad1 Qa4 20. Rd7 Rfe8 21. Rxe7 Rxe7 22. Bxc5 Rc7 23. Qxe5 Rac8 24. Bb4 Nc6 25. Qd6 Nxb4 26. cxb4 Qe8 27. c5 Kh8 28. Bd5 Qf8 29. Re1 Re7 30. Re4 g5 31. Qe5+ Qg7 32. Kg2 Rf8 33. Qxg7+ Kxg7 34. Kf3 Kf6 35. Re1 Rd8 36. Ke4 Rc7 37. Rc1 Rdc8 38. h4 h6 39. hxg5+ hxg5 40. Rh1 a5 41. a3 axb4 42. axb4 Ra8 43. Kd4 Ra4 44. Kc4 Ra2 45. f3 Rd2 46. Rc1 b5+ 47. Kxb5 Rxd5 48. Kb6 Rc8 49. Kb7 Rdd8 50. b5 Rb8+ 51. Kc7 Kxe6 52. Re1+ Kd5 53. c6 Rdc8+ 54. Kd7 Kc5 55. Re5+ Kb6 56. Rxg5 Rd8+ 57. Ke6 Rd3 0-1